[Event "Rewal op-B 18th"]
[Site "Rewal"]
[Date "2013.08.24"]
[Round "5"]
[White "Rudol, Matylda"]
[Black "Pietinen, Pekka"]
[Result "0-1"]
[WhiteElo "1483"]
[BlackElo "2015"]
[PlyCount "38"]
[EventDate "2013.08.20"]
[EventType "swiss"]
[EventRounds "9"]
[EventCountry "POL"]
[SourceTitle "CBM 156 Extra"]
[Source "ChessBase"]
[SourceDate "2013.10.22"]
[SourceVersion "1"]
[SourceVersionDate "2013.10.22"]
[SourceQuality "1"]

1. b4 c6 2. a3 Nf6 3. Bb2 d6 4. c4 e5 5. e3 Be7 6. d3 0-0 7. Nd2 a5 8. Ngf3 Bg4 9. Be2 Na6 10. b5 Nc5 11. a4 e4 12. dxe4 Nfxe4 13. 0-0 Bf6 14. Bxf6 Qxf6 15. Nd4 Nc3 16. Qe1 Bxe2 17. Qc1 Bxf1 18. Qxc3 Bd3 19. bxc6 bxc6 0-1

[Event "POL-ch U16 Girls"]
[Site "Szczyrk"]
[Date "2013.??.??"]
[Round "7"]
[White "Rolka, Anna"]
[Black "Rudol, Matylda"]
[Result "1-0"]
[WhiteElo "1491"]
[BlackElo "1510"]
[PlyCount "115"]
[EventDate "2013.03.17"]
[EventType "swiss"]
[EventRounds "9"]
[EventCountry "POL"]
[SourceTitle "CBM 153 Extra"]
[Source "ChessBase"]
[SourceDate "2013.04.22"]
[SourceVersion "1"]
[SourceVersionDate "2013.04.22"]
[SourceQuality "1"]

1. d4 d5 2. Nf3 Nf6 3. e3 e6 4. Bd3 c5 5. b3 Nc6 6. 0-0 cxd4 7. exd4 Bd6 8. Bb2 0-0 9. Nbd2 Qc7 10. Re1 Nd7 11. c4 dxc4 12. Nxc4 Be7 13. Rc1 Qb8 14. Nce5 Ncxe5 15. Nxe5 Nxe5 16. dxe5 Rd8 17. Re3 h6 18. Rh3 b5 19. Qg4 Qb6 20. Qe4 Rxd3 21. Rxd3 Bb7 22. Qd4 Qa6 23. Ra1 Qc6 24. Rg3 Rd8 25. Qc3 Qb6 26. Rd3 Rc8 27. Qd2 Bg5 28. Qe2 Be7 29. Bd4 Qc6 30. f3 b4 31. Bxa7 Qa6 32. Be3 Qa8 33. Qd1 Bd5 34. Rd2 Rc3 35. Bd4 Rc8 36. Rc2 Rd8 37. Rd2 Bg5 38. Rd3 Rb8 39. Be3 Be7 40. Rd2 Rd8 41. Rc1 Qb8 42. f4 Qb7 43. Qe2 f6 44. exf6 Bxf6 45. Bd4 Rf8 46. Bxf6 Rxf6 47. g3 Qa7+ 48. Qf2 Qf7 49. Qd4 Qh5 50. Rc8+ Kh7 51. Qd3+ Rf5 52. Rb8 Qf3 53. Qxf3 Bxf3 54. Rxb4 Rc5 55. Rc4 Ra5 56. Kf2 Bd5 57. Rcd4 Rb5 58. b4 1-0

[Event "POL-ch U16 Girls"]
[Site "Szczyrk"]
[Date "2013.??.??"]
[Round "1"]
[White "Rudol, Matylda"]
[Black "Kiolbasa, Oliwia"]
[Result "0-1"]
[WhiteElo "1510"]
[BlackElo "1897"]
[PlyCount "76"]
[EventDate "2013.03.17"]
[EventType "swiss"]
[EventRounds "9"]
[EventCountry "POL"]
[SourceTitle "CBM 153 Extra"]
[Source "ChessBase"]
[SourceDate "2013.04.22"]
[SourceVersion "1"]
[SourceVersionDate "2013.04.22"]
[SourceQuality "1"]

1. e4 c5 2. c4 Nc6 3. g3 g6 4. Bg2 Bg7 5. Ne2 d6 6. d3 e6 7. Nbc3 Nge7 8. 0-0 0-0 9. Be3 Nd4 10. Qd2 Nec6 11. Bh6 Rb8 12. Bxg7 Kxg7 13. f4 Bd7 14. Rf2 Qa5 15. Qc1 b5 16. b3 Nb4 17. Qd1 Nbc2 18. Rb1 Nxe2+ 19. Nxe2 Ne3 20. Qc1 Nxg2 21. Kxg2 f5 22. Qb2+ Kf7 23. exf5 gxf5 24. Qc2 bxc4 25. dxc4 Bc6+ 26. Kg1 Be4 27. Qc1 Bxb1 28. Qxb1 Ke7 29. g4 Rg8 30. g5 h6 31. h4 hxg5 32. hxg5 Kd7 33. Ng3 Qc3 34. Kg2 Qd4 35. Qe1 Rh8 36. Rd2 Qxf4 37. Re2 Qxg5 38. Rxe6 f4 0-1

[Event "POL-ch U16 Girls"]
[Site "Szczyrk"]
[Date "2013.??.??"]
[Round "2"]
[White "Rylska, Kamila"]
[Black "Rudol, Matylda"]
[Result "0-1"]
[WhiteElo "1348"]
[BlackElo "1510"]
[PlyCount "60"]
[EventDate "2013.03.17"]
[EventType "swiss"]
[EventRounds "9"]
[EventCountry "POL"]
[SourceTitle "CBM 153 Extra"]
[Source "ChessBase"]
[SourceDate "2013.04.22"]
[SourceVersion "1"]
[SourceVersionDate "2013.04.22"]
[SourceQuality "1"]

1. e4 d5 2. exd5 Qxd5 3. Nc3 Qa5 4. d4 Nf6 5. Nf3 c6 6. Bd2 Bf5 7. Bc4 e6 8. 0-0 Qc7 9. Ne5 Bd6 10. Re1 0-0 11. h3 Nbd7 12. f4 a6 13. Qf3 c5 14. Be3 cxd4 15. Bxd4 Bxe5 16. fxe5 Qxc4 17. exf6 Qxd4+ 18. Kh1 Nxf6 19. Rad1 Qb6 20. b3 Rfd8 21. Rc1 h6 22. Qf4 Rac8 23. Na4 Qc7 24. Qf2 Ne4 25. Qe3 Qg3 26. Qe2 Rd2 27. Qf1 Nf2+ 28. Kg1 Nxh3+ 29. Kh1 Rf2 30. gxh3 Qh2# 0-1

[Event "POL-ch U16 Girls"]
[Site "Szczyrk"]
[Date "2013.??.??"]
[Round "9"]
[White "Rynkiewicz, Natalia"]
[Black "Rudol, Matylda"]
[Result "1-0"]
[WhiteElo "1357"]
[BlackElo "1510"]
[PlyCount "95"]
[EventDate "2013.03.17"]
[EventType "swiss"]
[EventRounds "9"]
[EventCountry "POL"]
[SourceTitle "CBM 153 Extra"]
[Source "ChessBase"]
[SourceDate "2013.04.22"]
[SourceVersion "1"]
[SourceVersionDate "2013.04.22"]
[SourceQuality "1"]

1. e4 d5 2. exd5 Qxd5 3. Nc3 Qa5 4. d4 Nf6 5. Nf3 c6 6. Bc4 Bf5 7. Bd2 e6 8. Qe2 Bb4 9. 0-0-0 Nbd7 10. Nh4 Bg6 11. Nxg6 hxg6 12. Kb1 0-0-0 13. a3 Bxc3 14. Bxc3 Qc7 15. h4 Nb6 16. Ba5 Nfd5 17. Bb3 c5 18. Qb5 cxd4 19. Rxd4 Rh5 20. Bxd5 Rdxd5 21. Qe8+ Rd8 22. Rxd8+ Qxd8 23. Qxd8+ Kxd8 24. Bxb6+ axb6 25. Rd1+ Kc7 26. Rd4 g5 27. hxg5 Rxg5 28. g3 Rf5 29. f4 Kc6 30. Kc1 Rb5 31. c4 Rb3 32. g4 b5 33. cxb5+ Rxb5 34. b4 Rd5 35. Rc4+ Kd6 36. Kc2 e5 37. a4 f6 38. f5 b6 39. Rc8 Rd4 40. Rd8+ Kc6 41. Rxd4 exd4 42. Kd3 Kd5 43. a5 bxa5 44. bxa5 Kc5 45. a6 Kb6 46. Kxd4 Kxa6 47. Kd5 Kb6 48. Ke6 1-0

[Event "POL-chT U19 1st League"]
[Site "Suchedniow"]
[Date "2012.07.??"]
[Round "5"]
[White "Rudol, Matylda"]
[Black "Murawko, Katarzyna"]
[Result "0-1"]
[WhiteElo "1451"]
[BlackElo "1818"]
[PlyCount "132"]
[EventDate "2012.07.21"]
[EventType "team-swiss"]
[EventRounds "9"]
[EventCountry "POL"]
[SourceTitle "EXT 2014"]
[Source "ChessBase"]
[SourceDate "2013.11.20"]
[SourceVersion "1"]
[SourceVersionDate "2013.11.20"]
[SourceQuality "1"]
[WhiteTeam "Jaworzno JKSz MCKiS U19"]
[BlackTeam "Suwalki Hancza U19"]
[WhiteTeamCountry "POL"]
[BlackTeamCountry "POL"]

1. b4 d5 2. Bb2 Bg4 3. d3 Nd7 4. Nd2 e5 5. a3 Ngf6 6. f3 Bh5 7. g3 c5 8. c3 Bd6 9. Bg2 0-0 10. Nh3 Qc7 11. 0-0 Bg6 12. Rc1 b5 13. Nf2 c4 14. e4 Nb6 15. dxc4 bxc4 16. Qe2 Rad8 17. Rcd1 Rfe8 18. Rfe1 Bf8 19. Nf1 Na4 20. Ba1 Nb6 21. Ne3 Re6 22. Rd2 Red6 23. Red1 dxe4 24. fxe4 Rxd2 25. Rxd2 Rxd2 26. Qxd2 Ne8 27. Qe2 Nd6 28. Bb2 f6 29. Bc1 Nb5 30. Qe1 Bf7 31. Ned1 Qc8 32. Qe3 Qa6 33. Qd2 Qc8 34. Qa2 Na4 35. Qc2 Qa6 36. Ng4 Nb6 37. Qb2 Qa4 38. Nge3 a5 39. Bf1 Nd6 40. Nf2 Qb5 41. Qc2 Qa6 42. Nfd1 Be8 43. Nb2 Bc6 44. Bg2 Qa8 45. Qf2 axb4 46. axb4 Bxe4 47. Bxe4 Qxe4 48. Nf1 Nd5 49. Qd2 Nb5 50. Nd1 Nb6 51. Nf2 Qc6 52. Ne3 Nd6 53. Ba3 Qa8 54. Bc1 Be7 55. Nfg4 Ne4 56. Qc2 Ng5 57. Qg2 Qxg2+ 58. Kxg2 Ne4 59. Nd1 Na4 60. Nge3 Nexc3 61. Nxc3 Nxc3 62. Nxc4 Bxb4 63. Kf3 Kf7 64. Bd2 Nd5 65. Bxb4 Nxb4 66. Ke4 Ke6 0-1

[Event "Podlaskie-ch U15 Girls 17th"]
[Site "Suwalki"]
[Date "2011.04.16"]
[Round "4"]
[White "Sleczka, Iwona"]
[Black "Rudol, Matylda"]
[Result "0-1"]
[WhiteElo "1404"]
[BlackElo "1466"]
[PlyCount "66"]
[EventDate "2011.04.14"]
[EventType "swiss"]
[EventRounds "10"]
[EventCountry "POL"]
[SourceTitle "EXT 2012"]
[Source "ChessBase"]
[SourceDate "2011.11.24"]
[SourceVersion "1"]
[SourceVersionDate "2011.11.24"]
[SourceQuality "1"]

1. e4 e5 2. Nf3 Nc6 3. Bc4 Nf6 4. d4 exd4 5. e5 d5 6. Bb5 Ne4 7. Nxd4 Bd7 8. Bxc6 bxc6 9. 0-0 Bc5 10. Nd2 Nxf2 11. Kxf2 Bxd4+ 12. Ke2 Qh4 13. h3 Qg3 14. Qe1 Qxg2+ 15. Kd1 Bxh3 16. c3 Qg4+ 17. Kc2 Qg6+ 18. Kd1 Bg4+ 19. Nf3 Qd3+ 20. Bd2 Bxf3+ 21. Rxf3 Qxf3+ 22. Kc1 Bf2 23. Qf1 Rb8 24. b3 a5 25. Rb1 Qg3 26. Qe2 Kd7 27. Kb2 a4 28. Kc2 axb3+ 29. axb3 Rhe8 30. Qd3 Qxd3+ 31. Kxd3 Rxe5 32. Kc2 Be3 33. Be1 Bh6 0-1

[Event "Podlaskie-ch U15 Girls 17th"]
[Site "Suwalki"]
[Date "2011.04.15"]
[Round "2"]
[White "Wilk, Oktawia"]
[Black "Rudol, Matylda"]
[Result "1-0"]
[WhiteElo "1375"]
[BlackElo "1466"]
[PlyCount "79"]
[EventDate "2011.04.14"]
[EventType "swiss"]
[EventRounds "10"]
[EventCountry "POL"]
[SourceTitle "EXT 2012"]
[Source "ChessBase"]
[SourceDate "2011.11.24"]
[SourceVersion "1"]
[SourceVersionDate "2011.11.24"]
[SourceQuality "1"]

1. e4 d5 2. exd5 Qxd5 3. Nc3 Qa5 4. d4 Nf6 5. Nf3 c6 6. Be2 Bg4 7. 0-0 e6 8. Ne5 Bxe2 9. Nxe2 Bd6 10. Nc4 Qc7 11. Nxd6+ Qxd6 12. Bf4 Qe7 13. Bg5 h6 14. Bf4 Nbd7 15. Nc3 g5 16. Bg3 0-0-0 17. Re1 h5 18. h3 Rhg8 19. d5 Nb6 20. d6 Qd7 21. Qd4 Nfd5 22. Ne4 Rg6 23. Nc5 Qe8 24. c4 Nf4 25. Bxf4 gxf4 26. Qxf4 Qg8 27. Qh2 e5 28. Rad1 f6 29. b3 Qg7 30. Ne6 Qd7 31. Nxd8 Qxd8 32. f4 Nd7 33. fxe5 Nxe5 34. d7+ Kb8 35. Rxe5 fxe5 36. Qxe5+ Ka8 37. Qe8 Rg8 38. Qxg8 Qxg8 39. d8Q+ Qxd8 40. Rxd8# 1-0

[Event "POL-chT U19 42nd"]
[Site "Ustron"]
[Date "2011.??.??"]
[Round "1.18"]
[White "Rudol, Matylda"]
[Black "Pastuszko, Kinga"]
[Result "0-1"]
[WhiteElo "1466"]
[BlackElo "1862"]
[PlyCount "72"]
[EventDate "2011.06.24"]
[EventType "team-tourn"]
[EventRounds "9"]
[EventCountry "POL"]
[SourceTitle "EXT 2015"]
[Source "ChessBase"]
[SourceDate "2014.11.20"]
[SourceVersion "1"]
[SourceVersionDate "2014.11.20"]
[SourceQuality "1"]
[WhiteTeam "Jaworzno JKSz MCKiS U19"]
[BlackTeam "Warszawa Polonia U19"]
[WhiteTeamCountry "POL"]
[BlackTeamCountry "POL"]

1. e4 e5 2. Nf3 Nc6 3. d4 exd4 4. Bc4 Nf6 5. e5 d5 6. Bb5 Ne4 7. Nxd4 Bd7 8. Bxc6 bxc6 9. 0-0 Bc5 10. Be3 Bb6 11. f3 Ng5 12. f4 Ne4 13. Nd2 Nxd2 14. Qxd2 c5 15. Nf3 d4 16. Bf2 Bc6 17. Bh4 Qd7 18. f5 Qxf5 19. Ng5 Qg4 20. Rf4 Qh5 21. Nxf7 0-0 22. Ng5 Rxf4 23. Qxf4 Rf8 24. Qg3 Qg6 25. Qb3+ Kh8 26. e6 h6 27. e7 Rf6 28. Qh3 Rf5 29. Re1 hxg5 30. Bxg5+ Kg8 31. Qb3+ Kh7 32. Qh3+ Kg8 33. Qb3+ c4 34. Qxc4+ Kh7 35. Re6 d3+ 36. Kh1 Rf1# 0-1

[Event "POL-chT U19 42nd"]
[Site "Ustron"]
[Date "2011.??.??"]
[Round "4.12"]
[White "Szymczak, Paula"]
[Black "Rudol, Matylda"]
[Result "1-0"]
[WhiteElo "1705"]
[BlackElo "1466"]
[PlyCount "31"]
[EventDate "2011.06.24"]
[EventType "team-tourn"]
[EventRounds "9"]
[EventCountry "POL"]
[SourceTitle "EXT 2015"]
[Source "ChessBase"]
[SourceDate "2014.11.20"]
[SourceVersion "1"]
[SourceVersionDate "2014.11.20"]
[SourceQuality "1"]
[WhiteTeam "Skierniewice KS Piatka U19"]
[BlackTeam "Jaworzno JKSz MCKiS U19"]
[WhiteTeamCountry "POL"]
[BlackTeamCountry "POL"]

1. d4 d5 2. c4 e6 3. Nc3 Nf6 4. cxd5 exd5 5. Bg5 Bb4 6. e3 0-0 7. Bd3 h6 8. Bh4 Qd6 9. Qc2 Re8 10. a3 Bxc3+ 11. bxc3 Ne4 12. Ne2 f5 13. 0-0 Qc6 14. Rab1 Be6 15. Bb5 Qd6 16. Bxe8 1-0

[Event "POL-chT U19 41st"]
[Site "Ustron"]
[Date "2010.07.12"]
[Round "7"]
[White "Czaplewska, Klara"]
[Black "Rudol, Matylda"]
[Result "1/2-1/2"]
[WhiteElo "1565"]
[BlackElo "1481"]
[PlyCount "99"]
[EventDate "2010.07.06"]
[EventType "team-tourn"]
[EventRounds "9"]
[EventCountry "POL"]
[SourceTitle "EXT 2019"]
[Source "ChessBase"]
[SourceDate "2018.10.10"]
[SourceVersion "1"]
[SourceVersionDate "2018.10.10"]
[SourceQuality "1"]
[WhiteTeam "Koszalin Hetman Politechnika U19"]
[BlackTeam "Jaworzno JKSz MCKiS U19"]
[WhiteTeamCountry "POL"]
[BlackTeamCountry "POL"]

1. e4 e5 2. Nf3 Nc6 3. Bb5 g6 4. c3 d6 5. h3 Bd7 6. 0-0 Bg7 7. d4 Nge7 8. Re1 0-0 9. Bg5 h6 10. Be3 f5 11. Bd3 fxe4 12. Bxe4 d5 13. Bc2 e4 14. Nh2 Nf5 15. Nd2 Qf6 16. Ng4 Qf7 17. f3 Nxe3 18. Nxe3 exf3 19. Nxf3 Kh7 20. Qe2 Rae8 21. Nh4 Ne7 22. Rf1 Qe6 23. Qd3 Qd6 24. Ng4 Nf5 25. Nxf5 Bxf5 26. Qd2 Bxg4 27. hxg4 Qg3 28. Rxf8 Rxf8 29. Qe2 Rf4 30. Rd1 Rxg4 31. Rd3 Qf4 32. Rf3 Qd6 33. Re3 Rh4 34. g3 Re4 35. Bxe4 dxe4 36. Qg4 c5 37. dxc5 Qxc5 38. Qxe4 Qb6 39. Kg2 Qxb2+ 40. Re2 Qb5 41. c4 Qb6 42. Qe6 Qc7 43. Rd2 Qa5 44. Rd6 Qxa2+ 45. Kh3 Qb1 46. Qd5 Qf1+ 47. Kh2 Qe2+ 48. Qg2 Qh5+ 49. Qh3 Qe2+ 50. Qg2 1/2-1/2